000
00342nam a2200157Ia 4500
100
_a
Lafore robert
250
_a
3
942
_c
BK
654
_a
Programming C++
245
_a
Object oriented programming in C++
260
_b
Galgotia
_a
New Delhi
_c
2000
082
_a
004.2'C'++
_b
LAF
300
_a
925
546
_a
ENGLISH
999
_c
19594
_d
19594